Para la descolonización de la historia latinoamericana /
Wedi'i Gadw mewn:
| Prif Awdur: | |
|---|---|
| Fformat: | Llyfr |
| Tagiau: |
Ychwanegu Tag
Dim Tagiau, Byddwch y cyntaf i dagio'r cofnod hwn!
|
MARC
| LEADER | 00000nam a22000007a 4500 | ||
|---|---|---|---|
| 003 | cru CIDCACS/IIS | ||
| 005 | 20180517095802.0 | ||
| 007 | ta | ||
| 008 | 180517t2002 ne |||p|r||| 00| 0 spa|| | ||
| 999 | |c 41424 |d 41424 | ||
| 040 | |c cru CIDCACS/IIS | ||
| 100 | 1 | |9 7211 |a Baud, Michiel | |
| 245 | 1 | |a Para la descolonización de la historia latinoamericana / |c Michiel Baud | |
| 246 | 1 | |a Intelectuales y sus utopías: |b indigenismo y la imaginación de América Latina | |
| 300 | |a páginas 33-62 | ||
| 773 | 0 | |0 19222 |9 2010 |a Centro de Estudios Latinoamericanos y Documentación |d Amsterdam, Países Bajos: Centro de Estudios Latinoamericanos y Documentación |o 18798 |t Cuadernos del Cedla / | |
| 942 | |2 ddc |c PP | ||
